Llamamiento a un proceso constituyente / (Record no. 189066)

MARC details
000 -LEADER
campo de control de longitud fija 00988nam a2200265 i 4500
001 - NÚMERO DE CONTROL
campo de control 189066
003 - IDENTIFICADOR DE NÚMERO DE CONTROL
campo de control SpMaBN
005 - FECHA Y HORA DE LA ÚLTIMA TRANSACCIÓN
campo de control 20240103184855.0
008 - DATOS DE LONGITUD FIJA--INFORMACIÓN GENERAL
campo de control de longitud fija 190326s2017 sp |||| |dspa d
020 ## - NÚMERO INTERNACIONAL ESTÁNDAR DEL LIBRO
Número Internacional Estándar del Libro 978-84-9888-771-6
080 ## - NÚMERO DE LA CLASIFICACIÓN DECIMAL UNIVERSAL
Número de la Clasificación Decimal Universal 32(460)"20"
245 00 - MENCIÓN DEL TÍTULO
Título Llamamiento a un proceso constituyente /
Mención de responsabilidad, etc. prólogo, Alberto Garzón ; epílogo, José Antonio Pérez Tapias ; [autores], Adolfo Rodríguez Gil, Andrés Piqueras, Ángeles Díez Rodríguez ... [et al.].
250 ## - MENCION DE EDICION
Mención de edición 1ª ed.
260 ## - PUBLICACIÓN, DISTRIBUCIÓN, ETC.
Lugar de publicación, distribución, etc. Barcelona :
Nombre del editor, distribuidor, etc. Icaria,
Fecha de publicación, distribución, etc. 2017.
300 ## - DESCRIPCIÓN FÍSICA
Extensión 86 p. ;
Dimensiones 22 x 13 cm.
490 1# - MENCIÓN DE SERIE
Mención de serie Más madera ;
Designación de volumen o secuencia 136
504 ## - NOTA DE BIBLIOGRAFÍA, ETC.
Nota de bibliografía, etc. Bibliografía: p. 80-81.
651 #7 - PUNTO DE ACCESO ADICIONAL DE MATERIA--NOMBRE GEOGRÁFICO
Nombre geográfico España-
Subdivisión general Política y gobierno-
Subdivisión cronológica S.XXI.
9 (RLIN) 166701
700 1# - ENTRADA AGREGADA--NOMBRE PERSONAL
Nombre de persona Pérez Tapias, José Antonio.
9 (RLIN) 91169
700 1# - ENTRADA AGREGADA--NOMBRE PERSONAL
Nombre de persona Rodríguez Gil, Adolfo.
9 (RLIN) 166702
830 0# - PUNTO DE ACCESO ADICIONAL DE SERIE-TÍTULO UNIFORME
Título uniforme Más madera ;
Designación de volumen o secuencia 136
9 (RLIN) 225767
852 ## - LOCALIZACIÓN
Ubicación ES-MaACL
Número de control de estantería A-14449
itemnumber 196203
Sublocalización o colección R.151817
Ubicación en estantería Depósito 1
Signatura antigua Olim: N-7449
942 ## - ELEMENTOS DE ENTRADA SECUNDARIOS (KOHA)
Fuente del sistema de clasificación o colocación Clasificación decimal universal
Tipo de ítem Koha Libro impreso
Holdings
Estatus retirado Estado de pérdida Fuente del sistema de clasificación o colocación Estado de daño No para préstamo Biblioteca de origen Biblioteca actual Ubicación en estantería Fecha de adquisición Fuente de adquisición Total de préstamos Signatura topográfica completa Código de barras Visto por última vez Precio de reemplazo Tipo de ítem Koha
    Clasificación decimal universal     Biblioteca del Ateneo de Madrid Biblioteca del Ateneo de Madrid Depósito 1 26/03/2019 Donación   A-14449 1200238 23/02/2023 23/02/2023 Libro impreso